Historia universal de la infamia / (Record no. 35352)

MARC details
000 -LEADER
campo de control de longitud fija 00481nam a2200169 i 4500
001 - NÚMERO DE CONTROL
campo de control 35352
003 - IDENTIFICADOR DE NÚMERO DE CONTROL
campo de control ES-MaACL
005 - FECHA Y HORA DE LA ÚLTIMA TRANSACCIÓN
campo de control 20251122063110.0
007 - CAMPO FIJO DE DESCRIPCIÓN FÍSICA--INFORMACIÓN GENERAL
campo de control de longitud fija t|
008 - DATOS DE LONGITUD FIJA--INFORMACIÓN GENERAL
campo de control de longitud fija 030212s1971 sp ||||1| spa d
100 1# - ENTRADA PRINCIPAL--NOMBRE DE PERSONA
Nombre de persona Borges, Jorge Luis,
Fechas asociadas al nombre 1899-1986
9 (RLIN) 242526
245 10 - MENCIÓN DEL TÍTULO
Título Historia universal de la infamia /
Mención de responsabilidad, etc. Jorge Luis Borges.
260 ## - PUBLICACIÓN, DISTRIBUCIÓN, ETC.
Lugar de publicación, distribución, etc. Madrid :
Nombre del editor, distribuidor, etc. Alianza,
Fecha de publicación, distribución, etc. [1971]
300 ## - DESCRIPCIÓN FÍSICA
Extensión 139 p. ;
Dimensiones 18 cm.
852 ## - LOCALIZACIÓN
Ubicación ES-MaACL
Número de control de estantería C-46566
Sublocalización o colección R.80205
Holdings
Estatus retirado Estado de pérdida Estado de daño No para préstamo Biblioteca de origen Biblioteca actual Ubicación en estantería Fecha de adquisición Fuente de adquisición Total de préstamos Signatura topográfica completa Código de barras Visto por última vez Precio de reemplazo Tipo de ítem Koha
        Biblioteca del Ateneo de Madrid Biblioteca del Ateneo de Madrid Depósito 2 17/01/2008     C-46566 1036983 23/02/2023 23/02/2023 Libro impreso